| 000 | 01019nam a22003017a 4500 | ||
|---|---|---|---|
| 001 | 8184 | ||
| 003 | FISKH | ||
| 005 | 20250901141241.0 | ||
| 008 | 250901b cb ||||| |||| 00| 0 eng d | ||
| 020 | _a9780439148801 | ||
| 040 |
_aFISKH _beng _cFISKH _dFISKH |
||
| 050 | _aQC955 .B47 | ||
| 082 | _a551.552 | ||
| 100 |
_aBerger, Melvin _d(1927-) |
||
| 245 |
_aDo tornadoes really twist? / _cBy Melvin and Gilda Berger ; Illustrated by Higgins Bond |
||
| 250 | _aThis edition first published in 2000 | ||
| 260 |
_aNew York : _bScholastic, _c2000 |
||
| 300 |
_a46 pages : _bcolor illustrations ; _c21 x 26 cm |
||
| 505 | _aR | ||
| 520 | _aProvides answers to a variety of questions about tornadoes and hurricanes, including "Where do most tornadoes strike," and "How long do hurricanes last?" | ||
| 521 | 8 |
_a750
_bLexile |
|
| 521 | 8 |
_aR
_bRaz-Plus |
|
| 650 |
_2Informational _aScience |
||
| 650 |
_2Weather _aHurricanes |
||
| 700 |
_aBond, Higgins _dillustrator |
||
| 942 |
_2ddc _cBK _n0 |
||
| 999 |
_c8184 _d8184 |
||